<?xml version="1.0" encoding="UTF-8"?>
<record
    xmlns:xsi="http://www.w3.org/2001/XMLSchema-instance"
    xsi:schemaLocation="http://www.loc.gov/MARC21/slim http://www.loc.gov/standards/marcxml/schema/MARC21slim.xsd"
    xmlns="http://www.loc.gov/MARC21/slim">

  <leader>02469nam a2200697 a 4500</leader>
  <controlfield tag="008">251028s2011    sp ||||fr|||| 001 0 spa d</controlfield>
  <datafield tag="020" ind1=" " ind2=" ">
    <subfield code="a">9788471018038</subfield>
  </datafield>
  <datafield tag="041" ind1=" " ind2=" ">
    <subfield code="a">spa</subfield>
  </datafield>
  <datafield tag="092" ind1=" " ind2=" ">
    <subfield code="c">616</subfield>
    <subfield code="l">16</subfield>
    <subfield code="s">DIA</subfield>
  </datafield>
  <datafield tag="245" ind1=" " ind2=" ">
    <subfield code="a">Diagn&#xF3;stico y Tratamiento M&#xE9;dico.</subfield>
    <subfield code="c">J. L. Rodr&#xED;guez Garc&#xED;a</subfield>
  </datafield>
  <datafield tag="250" ind1=" " ind2=" ">
    <subfield code="a">1a ed.</subfield>
  </datafield>
  <datafield tag="260" ind1=" " ind2=" ">
    <subfield code="a">Madrid;</subfield>
    <subfield code="b">Marb&#xE1;n,</subfield>
    <subfield code="c">2011.</subfield>
  </datafield>
  <datafield tag="300" ind1=" " ind2=" ">
    <subfield code="a">1997 pg.</subfield>
    <subfield code="b">il.</subfield>
  </datafield>
  <datafield tag="500" ind1=" " ind2=" ">
    <subfield code="a">Rodr&#xED;guez Garc&#xED;a, J. L. (Coord.) et al. (2011). Diagn&#xF3;stico y Tratamiento M&#xE9;dico. (1a ed.). Madrid : Marban.</subfield>
  </datafield>
  <datafield tag="590" ind1=" " ind2=" ">
    <subfield code="a">Donaci&#xF3;n Soto Gonzalo, octubre 2025.</subfield>
  </datafield>
  <datafield tag="653" ind1=" " ind2=" ">
    <subfield code="a">Cardiolog&#xED;a.</subfield>
  </datafield>
  <datafield tag="653" ind1=" " ind2=" ">
    <subfield code="a">Neumolog&#xED;a.</subfield>
  </datafield>
  <datafield tag="653" ind1=" " ind2=" ">
    <subfield code="a">Nefrolog&#xED;a.</subfield>
  </datafield>
  <datafield tag="653" ind1=" " ind2=" ">
    <subfield code="a">Neurolog&#xED;a.</subfield>
  </datafield>
  <datafield tag="653" ind1=" " ind2=" ">
    <subfield code="a">Oftalmolog&#xED;a.</subfield>
  </datafield>
  <datafield tag="653" ind1=" " ind2=" ">
    <subfield code="a">Otorrinolaringolog&#xED;a</subfield>
  </datafield>
  <datafield tag="653" ind1=" " ind2=" ">
    <subfield code="a">Digestivo</subfield>
  </datafield>
  <datafield tag="653" ind1=" " ind2=" ">
    <subfield code="a">Medicina interna</subfield>
  </datafield>
  <datafield tag="653" ind1=" " ind2=" ">
    <subfield code="a">Reumatolog&#xED;a.</subfield>
  </datafield>
  <datafield tag="653" ind1=" " ind2=" ">
    <subfield code="a">Hematolog&#xED;a</subfield>
  </datafield>
  <datafield tag="653" ind1=" " ind2=" ">
    <subfield code="a">Endocrinolog&#xED;a</subfield>
  </datafield>
  <datafield tag="653" ind1=" " ind2=" ">
    <subfield code="a">Ginecolog&#xED;a</subfield>
  </datafield>
  <datafield tag="653" ind1=" " ind2=" ">
    <subfield code="a">Urolog&#xED;a</subfield>
  </datafield>
  <datafield tag="653" ind1=" " ind2=" ">
    <subfield code="a">Dermatolog&#xED;a</subfield>
  </datafield>
  <datafield tag="653" ind1=" " ind2=" ">
    <subfield code="a">Alteraciones anal&#xED;ticas</subfield>
  </datafield>
  <datafield tag="653" ind1=" " ind2=" ">
    <subfield code="a">Sistema nervioso</subfield>
  </datafield>
  <datafield tag="653" ind1=" " ind2=" ">
    <subfield code="a">T&#xF3;rax</subfield>
  </datafield>
  <datafield tag="653" ind1=" " ind2=" ">
    <subfield code="a">Sistema musculoesquel&#xE9;tico</subfield>
  </datafield>
  <datafield tag="653" ind1=" " ind2=" ">
    <subfield code="a">Abdomen. Higado. Ves&#xED;cula. V&#xED;a biliar. Bazo </subfield>
  </datafield>
  <datafield tag="653" ind1=" " ind2=" ">
    <subfield code="a">P&#xE1;ncreas y retroperitoneo</subfield>
  </datafield>
  <datafield tag="653" ind1=" " ind2=" ">
    <subfield code="a">Ri&#xF1;&#xF3;n. Suprarrenales. V&#xED;as urinarias. Test&#xED;culo. Pelvis</subfield>
  </datafield>
  <datafield tag="653" ind1=" " ind2=" ">
    <subfield code="a">Enfermedades infecciosas y microbiolog&#xED;a</subfield>
  </datafield>
  <datafield tag="653" ind1=" " ind2=" ">
    <subfield code="a">Farmacolog&#xED;a y hemoterapia</subfield>
  </datafield>
  <datafield tag="653" ind1=" " ind2=" ">
    <subfield code="a">Oncolog&#xED;a</subfield>
  </datafield>
  <datafield tag="653" ind1=" " ind2=" ">
    <subfield code="a">Geriatr&#xED;a y psiquiatr&#xED;a</subfield>
  </datafield>
  <datafield tag="700" ind1="1" ind2=" ">
    <subfield code="a">Ar&#xE9;valo Serrano, J.</subfield>
    <subfield code="e">Coord.</subfield>
    <subfield code="9">4055</subfield>
  </datafield>
  <datafield tag="700" ind1="1" ind2=" ">
    <subfield code="a">Rodr&#xED;guez Garc&#xED;a, Jos&#xE9; Luis.</subfield>
    <subfield code="e">Coord.</subfield>
    <subfield code="9">4359</subfield>
  </datafield>
  <datafield tag="700" ind1="1" ind2=" ">
    <subfield code="a">Aza&#xF1;a Defez, J. M.</subfield>
    <subfield code="e">Coord.</subfield>
    <subfield code="9">4056</subfield>
  </datafield>
  <datafield tag="700" ind1="1" ind2=" ">
    <subfield code="a">Balsa Barro, J.</subfield>
    <subfield code="e">Coord.</subfield>
    <subfield code="9">4360</subfield>
  </datafield>
  <datafield tag="700" ind1="1" ind2=" ">
    <subfield code="a">Berbel Garc&#xED;a, A.</subfield>
    <subfield code="e">Coord.</subfield>
    <subfield code="9">4058</subfield>
  </datafield>
  <datafield tag="700" ind1="1" ind2=" ">
    <subfield code="a">Contreras S&#xE1;nchez, J. D.</subfield>
    <subfield code="e">Coord.</subfield>
    <subfield code="9">4063</subfield>
  </datafield>
  <datafield tag="700" ind1="1" ind2=" ">
    <subfield code="a">Gaud&#xF3; Navarro, J. I.</subfield>
    <subfield code="e">Coord.</subfield>
    <subfield code="9">4361</subfield>
  </datafield>
  <datafield tag="700" ind1="1" ind2=" ">
    <subfield code="a">Gonz&#xE1;lez Carro, P. S.</subfield>
    <subfield code="e">Coord.</subfield>
    <subfield code="9">4065</subfield>
  </datafield>
  <datafield tag="700" ind1="1" ind2=" ">
    <subfield code="a">Gonz&#xE1;lez del Valle, F. </subfield>
    <subfield code="e">Coord.</subfield>
    <subfield code="9">4078</subfield>
  </datafield>
  <datafield tag="700" ind1="1" ind2=" ">
    <subfield code="a">Gonz&#xE1;lez-Sp&#xED;nola San Gil, J.</subfield>
    <subfield code="e">Coord.</subfield>
    <subfield code="9">2391</subfield>
  </datafield>
  <datafield tag="700" ind1="1" ind2=" ">
    <subfield code="a">Jim&#xE9;nez Mena, M.</subfield>
    <subfield code="e">Coord.</subfield>
    <subfield code="9">3868</subfield>
  </datafield>
  <datafield tag="700" ind1="1" ind2=" ">
    <subfield code="a">Moreno Oliver, I.</subfield>
    <subfield code="e">Coord.</subfield>
    <subfield code="9">3869</subfield>
  </datafield>
  <datafield tag="700" ind1="1" ind2=" ">
    <subfield code="a">Oruez&#xE1;bal Moreno, M. J.</subfield>
    <subfield code="e">Coord.</subfield>
    <subfield code="9">3870</subfield>
  </datafield>
  <datafield tag="700" ind1="1" ind2=" ">
    <subfield code="a">Pascual Izquierdo, C.</subfield>
    <subfield code="e">Coord.</subfield>
    <subfield code="9">3871</subfield>
  </datafield>
  <datafield tag="700" ind1="1" ind2=" ">
    <subfield code="a">Pascual Santo, J.</subfield>
    <subfield code="e">Coord.</subfield>
    <subfield code="9">3872</subfield>
  </datafield>
  <datafield tag="700" ind1="1" ind2=" ">
    <subfield code="a">Picazo Yeste, J. S.</subfield>
    <subfield code="e">Coord.</subfield>
    <subfield code="9">3873</subfield>
  </datafield>
  <datafield tag="700" ind1="1" ind2=" ">
    <subfield code="a">S&#xE1;nchez Nievas, G. </subfield>
    <subfield code="e">Coord.</subfield>
    <subfield code="9">2395</subfield>
  </datafield>
  <datafield tag="700" ind1="1" ind2=" ">
    <subfield code="a">Tena G&#xF3;mez, D.</subfield>
    <subfield code="e">Coord.</subfield>
    <subfield code="9">3874</subfield>
  </datafield>
  <datafield tag="700" ind1="1" ind2=" ">
    <subfield code="a">Vi&#xF1;uela Ben&#xE9;itez, M. C.</subfield>
    <subfield code="e">Coord.</subfield>
    <subfield code="9">3875</subfield>
  </datafield>
  <datafield tag="942" ind1=" " ind2=" ">
    <subfield code="2">ddc</subfield>
    <subfield code="c">BK</subfield>
  </datafield>
  <datafield tag="999" ind1=" " ind2=" ">
    <subfield code="c">3314</subfield>
    <subfield code="d">3314</subfield>
  </datafield>
  <datafield tag="952" ind1=" " ind2=" ">
    <subfield code="0">0</subfield>
    <subfield code="1">0</subfield>
    <subfield code="2">ddc</subfield>
    <subfield code="4">0</subfield>
    <subfield code="7">0</subfield>
    <subfield code="a">BFM</subfield>
    <subfield code="b">BFM</subfield>
    <subfield code="c">CR</subfield>
    <subfield code="d">2025-10-27</subfield>
    <subfield code="e">Donaci&#xF3;n octubre 2025.</subfield>
    <subfield code="l">0</subfield>
    <subfield code="o">616 16 DIA</subfield>
    <subfield code="p">5123</subfield>
    <subfield code="r">2025-10-28</subfield>
    <subfield code="t">Ej.3</subfield>
    <subfield code="w">2025-10-28</subfield>
    <subfield code="y">BK</subfield>
    <subfield code="z">Donaci&#xF3;n Soto Gonzalo, octubre 2025.</subfield>
    <subfield code="f"></subfield>
  </datafield>
</record>
